000 00677cab a2200193 4500
001 L136510
008 070205n2007 000 0 eng u
035 _a(Sirsi) u136510
041 0 _aeng
100 1 _aDale, Geoffrey
245 0 0 _aConflicting times ahead as firms grown and complications arise
260 _c2007
490 0 0 _aEstates Gazette
_v(0704) 27 January 2007, 184(1)
520 _aFocuses on the issue of conflict of interest regarding the appointment of arbitrators. The same issues also arise in relation to independent experts.
590 _aKA
651 4 _aEngland
_y886-
690 _aMANAGEMENT-BUSINESS MANAGEMENT-PROFESSIONAL PRACTICE
942 _n0
999 _c78323
_d78323